Securing protected areas in the face of global change : Issues and strategies.

Bibliographic Details
Corporate Author: IUCN
Other Authors: Barber, Charles Victor, Boness, Melissa, Miller, Kenton R.
Format: Book
Published: Cambridge, UK. : IUCN , 2004
Subjects:

MARC

LEADER 00000cam a2200000 7i4500
001 0000003440
005 20060321.0
020 0 0 |a 2831708311 
090 0 0 |a 333.716   |b SEC 
245 1 0 |a Securing protected areas in the face of global change :   |b Issues and strategies.   |c edited by Charles Victor Barber, Kenton R. Miller and Melissa Boness. 
260 0 0 |a Cambridge, UK. :   |b IUCN ,   |c 2004 
300 |a xxxiii, 234 p. ;   |c 30 cm. 
650 0 0 |a Ecosystems 
650 0 0 |a Ecosystems   |x management 
650 0 0 |a People project 
650 0 0 |a Protected areas 
700 1 1 |a Barber, Charles Victor 
700 1 1 |a Boness, Melissa 
700 1 1 |a Miller, Kenton R. 
710 2 1 |a IUCN 
999 |a 0000006259   |b Monograph   |c Open Shelf   |e Default branch